000 00908nam a2200277Ia 4500
005 20220317001222.0
008 160825s2002 sp a g 000 0 spa
020 _a97884323012
082 0 4 _a940.14
_bL23b
100 1 _aLe Goff, Jacques
245 1 3 _aLa baja Edad Media
_cJacques Le Goff ; traducción Lourdes Ortiz
250 _a14a. edición
300 _a336 páginas
_bilustraciones
_c21 cm
490 _aHistoria universal siglo XXI
500 _aIncluye referencias bibliográficas e índice
650 1 4 _2LEMB
_aEdad media
650 1 4 _2LEMB
_aCivilización medieval
650 1 4 _2LEMB
_aEuropa
_xHistoria
700 1 _aOrtiz, Lourdes
_d1943-
_957295
942 _2ddc
_cBK
264 _aMadrid
_bSiglo XXI de España
_c2002
336 _atexto
_btxt
_2rdacontent
337 _asin mediación
_bn
_2rdamedia
338 _avolumen
_bnc
_2rdacarrier
040 _aCO-BoRNBP
_bspa
_erda
_cCO-BoRNBP
999 _c6278
_d6278